| 000 | 01302aab a2200205 i 4500 | ||
|---|---|---|---|
| 001 | 768714001 | ||
| 003 | CO-MdFUSB | ||
| 005 | 20240618062716.0 | ||
| 008 | 240418t1986 ag ||||| |||| 00| 0 spa d | ||
| 040 |
_bspa _cCO-MdFUSB |
||
| 041 | _aspa | ||
| 100 | 1 |
_aDriver, Juan (1924-) _eautor |
|
| 245 |
_aSalud, luz, ciudad _c/ Juan Driver |
||
| 300 |
_aVolumen 5, número 3 y 4, (diciembre, 1986), páginas: 116 - 121 _c; 27 cm |
||
| 520 | _aEl objetivo de esta investigación es demostrar que el uso de la metáfora sal, luz y ciudad en Mateo 5:13-16 es crucial para comprender la misión del pueblo de Dios tal como Jesús los vio. Pero para comprender el impacto de este significado, es necesario considerar el pasaje en relación con su contexto inmediato: a la luz de lo que vino antes. Reflejan el tipo de comunidad que se describe como bienaventurada, que vive y predica los valores resumidos con extraordinaria claridad en el Sermón de la Montaña. Sólo una comunidad así renovada es verdaderamente obra misionera desde el punto de vista de que Jesús fue la misión del pueblo de Dios. | ||
| 650 | 7 |
_aSufrimiento _9281 |
|
| 650 | 0 |
_aMisiones _9154 |
|
| 773 | 0 |
_tIglesia y Misión _049402 _959679 _gVolumen 5, número 3 y 4, (diciembre, 1986), páginas: 116 - 121 _qpágina: 116 |
|
| 942 | _cANA | ||
| 999 |
_c51668 _d51668 |
||